000 00630cab a2200217 4500
001 WB3325-25
008 090401t1997 xxu||||| |||| 00| 0 eng d
035 _a(Sirsi) u79182
041 _aeng
245 _aMess deters buyers
260 _c1997
350 _a0
490 _aSunday Telegraph
_v2 June 1997, B1(2)
520 _aFailure to enforce the Dogs (Fouling of Land) Act 1996 can lead to potential housebuyers being put off a particular area or street.
650 _aDOG FOULING
650 _aDOGS (FOULING OF LAND) ACT 1996
650 _aHOUSE BUYERS
690 _aHOUSING
942 _n0
948 _c24/06/1997
999 _c49777
_d49777